00397nam a2200121Ia 4500008004100000020001800041050003400059100001900093245007700112260002500189300001500214650004600229120720s9999 xx 000 0 und d a968-887-32-09 aCONSULTA N7153 H.626 A.4 1996 aHOFMANN, ARMIN aMANUAL DE DISEÑO GRAFICO, FORMAS SINTESIS, APLICACIONES/ ARMIN HOFMANN aMEXICO: G.GILI, 1996 a174p/30cm| aDISEÑO GRAFICO, FORMAS APLICACIONES.Ì